RESEARCH IN PSYCHOLOGY; (Record no. 7360)
[ view plain ]
| 000 -LEADER | |
|---|---|
| fixed length control field | 00399nam a22001457a 4500 |
| 005 - DATE AND TIME OF LATEST TRANSACTION | |
| control field | 20250823144650.0 |
| 008 - FIXED-LENGTH DATA ELEMENTS--GENERAL INFORMATION | |
| fixed length control field | 250823b |||||||| |||| 00| 0 eng d |
| 020 ## - INTERNATIONAL STANDARD BOOK NUMBER | |
| International Standard Book Number | 9780471593850 |
| 050 ## - LIBRARY OF CONGRESS CALL NUMBER | |
| Classification number | BF76 |
| Item number | .5 GOO |
| 100 ## - MAIN ENTRY--PERSONAL NAME | |
| Personal name | GOODWIN JAMES C. |
| 245 ## - TITLE STATEMENT | |
| Title | RESEARCH IN PSYCHOLOGY; |
| Remainder of title | METHODS AND DESIGN |
| 260 ## - PUBLICATION, DISTRIBUTION, ETC. | |
| Place of publication, distribution, etc. | NEW YORK |
| Name of publisher, distributor, etc. | JOHN WILEY AND SONS, INC. |
| Date of publication, distribution, etc. | c1995 |
| 300 ## - PHYSICAL DESCRIPTION | |
| Extent | xix, 480p |
| 942 ## - ADDED ENTRY ELEMENTS (KOHA) | |
| Source of classification or shelving scheme | Library of Congress Classification |
| Koha item type | Books |
| Suppress in OPAC | No |
| 999 ## - | |
| -- | 7360 |
| -- | 7360 |
| Withdrawn status | Lost status | Source of classification or shelving scheme | Damaged status | Not for loan | Collection | Home library | Current library | Shelving location | Date acquired | Total checkouts | Full call number | Barcode | Date last seen | Copy number | Price effective from | Koha item type |
|---|---|---|---|---|---|---|---|---|---|---|---|---|---|---|---|---|
| Library of Congress Classification | Reference | Undergraduate Library (Christ Temple) | Undergraduate Library (Christ Temple) | General stacks | 08/23/2025 | BF76.5 GOO | ulct00004459 | 08/23/2025 | 1 | 08/23/2025 | Books |